000 00582nam a22002417a 4500
003 UA-OsUOA
001 44538
007 ta
008 20070228b un ||||| |||| 00| 0 ukr d
100 _aЦапенко Ю.
700 _aЦапенко А.
090 _a(038)=163.42
_bЦ17
942 _cBK
040 _aUA-OsUOA
_brus
_cUA-OsUOA
_dUA-OsUOA
245 _aРусско-Хорватский разговорник
300 _a176 с.
955 _a2
041 _arus
080 _a(038)=163.42
260 _aACERNUS
_bSplit
_c2003
650 7 _2UDC
999 _c330634
_d330634